| 000 | 00427nam a22001457a 4500 | ||
|---|---|---|---|
| 999 |
_c524000 _d524000 |
||
| 020 | _a0273628615 | ||
| 040 | _cNUST | ||
| 082 |
_a338.88721314 _bBAR |
||
| 100 |
_aBarham, Kevin _914829 |
||
| 245 |
_aABB The dancing giant : _bCreating the globally connected corporation / _cKevin Barham. |
||
| 260 |
_aLondon : _bBritish Library, _c1998. |
||
| 300 |
_a382 p. : _bill, _c24 cm. |
||
| 500 | _aIncludes indexes. | ||
| 942 |
_2ddc _cBK |
||